Môj pracovný zošit Úžasné bludiská

Bibliographic Details
Other Authors: Madarásová, Jitka (Translator)
Format: Book
Language:Slovak
English
PhysicalDescription:80 strán farebné ilustrácie 30 cm
Published: Bratislava Svojtka & Co., s.r.o. 2021
ISBN:9788056706312
Edition:Prvé slovenské vydanie
Series:Kumon
Subjects:

MARC

LEADER 00000nam a2200000 4500
001 vtls012126242
003 SK-MaSNL
005 20260301231032.0
008 220308s2021 xo a a 000 0 slo
015 |a SNBA2022/03 
020 |a 9788056706312  |q (brožované) 
040 |a SNK  |b slo  |c SNK  |e rda 
041 1 |a slo  |h eng 
044 |a xo  |c SK 
072 7 |a 373.2/.3  |x Predškolská a primárna výchova a vzdelávanie  |2 konspekt 
072 7 |a 0/9-053.2  |x Literatúra pre deti a mládež (náučná)  |2 konspekt 
080 |a 373.2  |2 2011 
080 |a 159.946.4  |2 2011 
080 |a 793.7  |2 2011 
080 |a (076.1)  |2 2011 
080 |a (0.053.2)  |2 2011 
130 0 |a Amazing mazes  |l Slovensky  |9 622676 
245 1 0 |a Môj pracovný zošit  |p Úžasné bludiská  |c preklad: Jitka Madarásová 
246 3 0 |a Úžasné bludiská 
250 |a Prvé slovenské vydanie 
264 1 |a Bratislava  |b Svojtka & Co., s.r.o.  |c 2021 
300 |a 80 strán  |b farebné ilustrácie  |c 30 cm 
336 |a statický obraz  |b sti  |2 rdacontent 
336 |a text  |b txt  |2 rdacontent 
337 |a bez média  |b n  |2 rdamedia 
338 |a zväzok  |b nc  |2 rdacarrier 
490 1 |a Kumon 
500 |a Názov z obálky 
500 |a Preložené z angličtiny 
521 8 |a Pre deti vo veku od 4-6 rokov 
650 0 7 |a predškolská výchova  |2 SNKPH  |9 3959 
650 0 7 |a grafomotorika  |2 SNKPH  |9 27199 
650 0 7 |a bludiská a labyrinty (hry)  |2 SNKPH  |9 367368 
650 0 7 |a Preschool education  |2 SNKPHeng  |9 267868 
650 0 7 |a Graphomotorics  |2 SNKPHeng  |9 313020 
650 0 7 |a Mazes and labyrinths (games)  |2 SNKPHeng  |9 367369 
655 7 |a pracovné zošity  |2 SNKPH  |9 70188 
655 7 |a publikácie pre deti  |2 SNKPH  |9 70148 
655 7 |a Activity books  |2 SNKPHeng  |9 302885 
655 7 |a Publications for children  |2 SNKPHeng  |9 276792 
700 1 |a Madarásová, Jitka  |4 trl  |9 207448 
830 0 |a Kumon  |9 358198 
919 |a 978-80-567-0631-2 
958 |a DB 
958 |a OP 
968 |b ENG 
999 |c 956913  |d 958843 
952 |a SNK  |b SNK  |y PREZ  |7 0  |p 17A1479797  |o snkOSB 20566  |i snk2022/3592  |8 0  |0 0  |1 0  |4 0  |d 2022-03-08  |l 0  |r 2026-02-24 10:07:05  |w 2026-02-24 
952 |a SNK  |b SNK  |y PREZ  |7 0  |p 17A1479796  |o snkOSB 20566 D1  |i snk2022/3593  |8 0  |0 0  |1 0  |4 0  |d 2022-03-08  |l 0  |r 2026-02-24 10:07:05  |w 2026-02-24